| 000 | 00390nam a22001337a 4500 | ||
|---|---|---|---|
| 005 | 20170911124804.0 | ||
| 008 | 170911b xxu||||| |||| 00| 0 eng d | ||
| 040 | _cPK-LaUMT | ||
| 082 |
_aPKAC 020.3 _bKIS- |
||
| 245 |
_aKishaf istelahat kutab khana/ _cMehmood ul Hassan (Compiler) |
||
| 260 |
_aاسلام آباد: _bمقتدرہ قومی زبان، _c1985 |
||
| 300 | _a277 ص | ||
| 942 | _cBK | ||
| 999 |
_c98060 _d98060 |
||